| 000 | 00767nam a2200205 a 4500 | ||
|---|---|---|---|
| 003 | 0 | ||
| 005 | 20250609094501.0 | ||
| 008 | 021121s19uu xx 00 eng d | ||
| 050 |
_aPGS ML 3918.P67 _b.T683 2000 |
||
| 100 | _aToring, Joan Christine E. | ||
| 245 |
_aThe music preferences of the grade 6 students of Southville International School / _cJoan Christine E. Toring. |
||
| 260 |
_aLas PiƱas City, Philippines : _bSouthville International School and Colleges, _c2000. |
||
| 300 |
_a26 pages : _bcolored illustrations ; _c28 cm. |
||
| 504 | _aIncludes bibliographical references. | ||
| 650 | _aMusic preferences. | ||
| 650 |
_aPopular music _vPsychological aspects. |
||
| 650 |
_aStudents _vAttitudes. |
||
| 650 |
_aChildren _vMusic. |
||
| 942 |
_2lcc _cPASS |
||
| 999 |
_c96322 _d96322 |
||